| 000 | 00982 a2200241 4500 | ||
|---|---|---|---|
| 001 | 45973 | ||
| 005 | 20260407155733.0 | ||
| 008 | 260407a1989 arg spa d | ||
| 003 | AR-UNSa-BCEJYS | ||
| 040 |
_aAR-UNSa-BCEJYS _bspa _cAR-UNSa-BCEJYS |
||
| 080 |
_a314.93 _xComposición y distribución de acuerdo con las características económicas y sociales |
||
| 245 | 1 | 0 | _aDatos para el estudio de la participación de la población en la actividad económica.Argentina 1947-1980 |
| 264 | 1 |
_aBuenos Aires : _bCENEP _c1989 |
|
| 300 |
_a120 p. _c28 cm. |
||
| 505 | _a1. Prefacio – 2. Objetivo – 3. Fuentes de datos básicos y comparabilidad de la información – 4. Metodología. | ||
| 041 | _aspa | ||
| 942 | _cBK | ||
| 590 | _aniveau_biblio:m niveau_hierar:0 | ||
| 100 | 1 | _aGeldstein, Rosa N. | |
| 700 | 1 | _aMychaszula, Sonia M. | |
| 700 | 1 | _aGrushka, Carlos O. | |
| 856 | 4 | 1 |
_uhttps://www.biblioeco.unsa.edu.ar/pmb/images/libros/L127308.jpg _yImagen de portada _qimage/jpeg |
| 999 |
_c4101 _d4101 |
||